1947 1314 1753 1818 1133 1690 1666 1369 1569 1598 1340 1679 1607 1513 1146 1227 1602 1704 1029 1969 1449 1693 1503 1778 1490 1551 1997 1769 1025 1177 1499 1265 1947 1456 1491 1138 1083 1055 1893 1659 1210 1214 1439 1810 1265 1635 1392 1866 1870 1315 1747 1300 1285 1417 1188 1561 1285 1605 1759 1188 1402 1789 1724 1133 1977 1953 1903 1554 1608 1364 1048 1195 1701 1057 1215 1485 1069 1413 1929 1386 1995 1630 1592 1084 1155 1997 1374 1537 1993 1536 1842 1826 1294 1705 1786 1129 1430 1678 1943 BCNSPRNW ULIB Ver.6.0+V

เปลี่ยนเป็นภาษาไทย

Change to English
 แสดงรายละเอียดบรรณานุกรม
  กลับหน้าหลัก

Brief Record : Get Marc (ISO 2709) : E-mail record : QR code < ปิดหน้าต่าง
LEADER : 00000nam 2200000uu 4500
001    13399125157
003     ULIB
008    161024s2555||||th 000 0 tha d
099    ^aวจ.WA590^bส780ผ
100 0  ^aสุภาณี คลังฤทธิ์,ชลลดา ติยะวิสุทธิ์ศรี,สุดาวรรณ สันหมอยา
245 00 ^aผลการจัดการเรียนการสอนตามสภาพจริงต่อความเข้าใจมนุษย์รายวิชามนุษย์กับพฤติกรรมสุขภาพ วิทยาลัยพยาบาลบรมราชนนี พุทธชินราช /^cสุภาณี คลังฤทธิ์,ชลลดา ติยะวิสุทธิ์ศรี,สุดาวรรณ สันหมอยา
260    ^aพิษณุโลก :^bวิทยาลัยพยาบาลบรมราชชนนี พุทธชินราช,^c2555
300    ^a58 หน้า
700 0  ชลลดา ติยะวิสุทธิ์
700 0  สุดาวรรณ สันหมอยา
945    ^p0^l0^i001406
995    ^aณรีรัตน์
999 ^a ใช้งานได้ทุกระบบ
รายการนี้ยังไม่มีแท็ก
คุณยังไม่ได้ล็อกอิน คุณสามารถมีกิจกรรมร่วมกับเว็บไซต์ได้ แต่ต้องล็อกอินก่อน ::
  ล็อกอิน

รายการสื่อสารสนเทศ

ลำดับที่ ประเภท เลขเรียก/บาร์โค้ด สถานที่ สถานะ
1. งานวิจัย
งานวิจัย
วจ.WA590 ส780ผ ฉ.1 
  Barcode: 001406
ห้องสมุดวิทยาเขตสวรรค์ประชารักษ์
►วิจัย
บนชั้น

BibComment


ยังไม่เคยถูกคอมเมนท์

คอมเมนท์ทรัพยากรรายการนี้
  คอมเมนท์: ผลการจัดการเรียน..


 Copyright 2026. Bcnsprnw @Library